Statistics for USA Quiz

Click here to take the quiz!

General Stats

  • This quiz has been taken 20 times
  • The average score is 9 of 13

Answer Stats

QuestionAnswer% Correct
Capital city?Washington
100%
Largest city?New York City
100%
National language?English
100%
Current president?Donald trump
100%
Colours on the flag?Red
94%
blue
83%
white
83%
Drives on the.....?Right
67%
Motto?In god we trust
50%
Denonym?American
44%
National anthem?The star spangled banner
28%
CurrencyUnited States dollar
11%
Tallest mountain?Mt McKinley
11%

Score Distribution

Percentile by Number Answered

Percent of People with Each Score

Your Score History

You have not taken this quiz